[Event "62nd ch-RUS HL w"]
[Site "Tyumen RUS"]
[Date "2012.06.19"]
[Round "4"]
[White "Sukhareva,E"]
[Black "Rassokhina,E"]
[Result "1-0"]
[WhiteElo "2236"]
[BlackElo "2080"]
[EventDate "2012.06.16"]

1. d4 Nf6 2. c4 e6 3. Nf3 b6 4. a3 Bb7 5. Nc3 Ne4 6. Nxe4 Bxe4 7. Nd2 Bg6
8. g3 Nc6 9. e3 a5 10. b3 Bd6 11. Bb2 O-O 12. Bg2 Qe7 13. O-O Rfe8 14. e4
e5 15. d5 Nd8 16. Qe2 f5 17. exf5 Bxf5 18. Ne4 Nf7 19. h4 Nh6 20. Bc1 Bc5
21. Bg5 Qf7 22. Nxc5 bxc5 23. Bxh6 gxh6 24. g4 Bxg4 25. Qxg4+ Kh8 26. Rae1
Rg8 27. Qe4 Qh5 28. f3 d6 29. Kf2 Raf8 30. Rh1 Rg4 31. Qd3 Rd4 32. Qc2 Qg4
33. Rh3 Qf4 34. Re3 a4 35. Bf1 Qg4 36. bxa4 e4 37. Qc3 Qf4 38. Ke1 exf3 39.
Rexf3 Qe4+ 40. Kf2 Rxf3+ 41. Qxf3 Qe7 42. Kg1 h5 43. Rg3 Rxh4 44. Qc3+ Rd4
45. Qb2 Qe8 46. a5 h4 47. Rg2 h5 48. Qf2 Qe7 49. Qf5 Re4 50. Qxh5+ Qh7 51.
Qxh7+ Kxh7 52. Bd3 1-0

[Event "62nd ch-RUS HL w"]
[Site "Tyumen RUS"]
[Date "2012.06.19"]
[Round "4"]
[White "Sazonova,E"]
[Black "Butuc,M"]
[Result "1/2-1/2"]
[WhiteElo "2159"]
[BlackElo "2201"]
[EventDate "2012.06.16"]

1. e4 e6 2. Nf3 d5 3. Nc3 Nf6 4. e5 Nfd7 5. d4 c5 6. dxc5 Nc6 7. Bf4 Bxc5
8. Bd3 f6 9. exf6 Nxf6 10. O-O O-O 11. Ne5 Bd7 12. Qe2 Qe7 13. Rae1 Rae8
14. Bg3 a6 15. a3 Bd4 16. Nxc6 Bxc6 17. Be5 Bxe5 18. Qxe5 Qf7 19. f4 Nd7
20. Qd4 Qf6 21. Ne2 e5 22. fxe5 Qxe5 23. Qh4 Rxf1+ 24. Rxf1 Nf6 25. Qd4 Bd7
26. Qxe5 Rxe5 27. Nd4 Ng4 28. h3 Ne3 29. Rf4 Rg5 30. g4 Re5 31. Nf3 Re7 32.
b3 g6 33. Kh2 Nxc2 34. Bxc2 Re2+ 35. Kg3 Rxc2 36. Ne5 Rc3+ 37. Kh4 Be8 38.
g5 Rxb3 39. Ng4 Kg7 40. Rf6 Bd7 41. Rd6 Bxg4 42. Kxg4 h5+ 43. Kh4 Kf7 44.
Rf6+ Ke7 45. Rxg6 d4 46. Rf6 d3 47. Rf2 Rb6 48. Kxh5 Rd6 49. Rd2 Kf7 50. h4
Rd4 51. g6+ Kf6 52. g7 Kxg7 53. Kg5 b5 54. Kf5 Rxh4 55. Rxd3 Ra4 56. Ke6 a5
57. Rb3 b4 58. axb4 Rxb4 59. Ra3 a4 60. Kd5 Kf6 61. Kc5 Rh4 62. Kb5 Ke5 63.
Rxa4 Rxa4 64. Kxa4 1/2-1/2

[Event "62nd ch-RUS HL w"]
[Site "Tyumen RUS"]
[Date "2012.06.19"]
[Round "4"]
[White "Dotdaeva,A"]
[Black "Likhovid,E"]
[Result "1/2-1/2"]
[WhiteElo "2139"]
[BlackElo "2030"]
[EventDate "2012.06.16"]

1. e4 e5 2. Nf3 d5 3. d4 dxe4 4. Nxe5 Nd7 5. Nxd7 Qxd7 6. Nc3 Bb4 7. Bc4
Nf6 8. O-O Bxc3 9. bxc3 O-O 10. Be2 Re8 11. c4 h6 12. Bb2 Qf5 13. d5 Qg6
14. Kh1 Bg4 15. Bxg4 Nxg4 16. h3 Nf6 17. Qd4 Nh5 18. Rae1 f5 19. c5 Rad8
20. c4 Re7 21. Ba1 Nf4 22. Rg1 Nd3 23. Rb1 f4 24. Rxb7 e3 25. g4 Nxf2+ 26.
Kh2 Qc2 27. Rb2 Qg6 28. Re2 Re4 29. Qc3 Rde8 30. d6 cxd6 31. cxd6 f3 32. d7
Qd6+ 33. Rg3 Qxd7 34. Rxf3 Qc7+ 35. Kg2 Rxc4 36. Qb3 Ne4 37. Rfxe3 Kh8 38.
Qd3 Qc6 39. Kh2 Qc7+ 40. Kg2 Qc6 41. Kh2 Qc7+ 42. Kg2 1/2-1/2

[Event "62nd ch-RUS HL w"]
[Site "Tyumen RUS"]
[Date "2012.06.19"]
[Round "4"]
[White "Korchagina,V"]
[Black "Korchenkova,I"]
[Result "0-1"]
[WhiteElo "2098"]
[BlackElo "2088"]
[EventDate "2012.06.16"]

1. e4 c5 2. Nf3 e6 3. d4 cxd4 4. Nxd4 a6 5. Nc3 Qc7 6. Be2 b5 7. O-O Bb7 8.
Re1 Nf6 9. Bf3 d6 10. Bf4 Nc6 11. Nxc6 Bxc6 12. e5 dxe5 13. Bxe5 Qb6 14.
Bxc6+ Qxc6 15. Bxf6 gxf6 16. Ne4 Be7 17. Qf3 Kf8 18. Qh5 h6 19. c3 f5 20.
Nd2 Bf6 21. Nf3 Kg7 22. Ne5 Qc7 23. f4 Rhd8 24. Re3 Bxe5 25. Rg3+ Kf8 26.
Qxh6+ Ke7 27. fxe5 Qxe5 28. Qh4+ Kf8 29. Qh6+ Ke7 30. Qh4+ Kf8 31. Qb4+ Qd6
32. Qxd6+ Rxd6 33. h4 Ke7 34. a4 Rh8 35. Rh3 Kf6 36. axb5 axb5 37. Ra5 Rd5
38. b4 f4 39. Kf2 Kf5 40. Ra7 Rh7 41. Ra8 Ke4 42. Rc8 Rd2+ 43. Kf1 Rg7 44.
Rh2 Ke3 45. Rh3+ Rg3 0-1

[Event "62nd ch-RUS HL w"]
[Site "Tyumen RUS"]
[Date "2012.06.19"]
[Round "4"]
[White "Manina,K"]
[Black "Adamova,T"]
[Result "0-1"]
[WhiteElo "1987"]
[BlackElo "1914"]
[EventDate "2012.06.16"]

1. e4 c5 2. Nf3 e6 3. d4 cxd4 4. Nxd4 Nc6 5. g3 d6 6. Bg2 Bd7 7. O-O a6 8.
c4 Nf6 9. b3 Be7 10. Bb2 Qc7 11. Nc3 O-O 12. Nxc6 Bxc6 13. Qe2 Rad8 14. f4
Rfe8 15. g4 Nd7 16. Kh1 Bf8 17. Rad1 Nc5 18. b4 Na4 19. Nxa4 Bxa4 20. Rc1
Qd7 21. Qf3 Rc8 22. f5 exf5 23. gxf5 f6 24. Qd3 Kh8 25. Rf2 b5 26. c5 Qa7
27. e5 dxe5 28. Be4 Red8 29. Qe2 Qf7 30. Bc3 Rc7 31. Rg1 Rcd7 32. Qf3 Rd1
33. Rxd1 Bxd1 34. Qg3 Qc4 35. Bb1 Bh5 36. Rd2 Qf1+ 0-1

[Event "62nd ch-RUS HL w"]
[Site "Tyumen RUS"]
[Date "2012.06.20"]
[Round "5"]
[White "Ubiennykh,E"]
[Black "Kovanova,B"]
[Result "0-1"]
[WhiteElo "2336"]
[BlackElo "2391"]
[EventDate "2012.06.16"]

1. c4 Nf6 2. Nf3 e6 3. g3 b6 4. Bg2 Bb7 5. O-O Be7 6. Re1 O-O 7. Nc3 d6 8.
e4 c5 9. d4 cxd4 10. Nxd4 Qc8 11. b3 Nc6 12. Ba3 Rd8 13. Rc1 Nxd4 14. Qxd4
Bf8 15. Red1 Rd7 16. Rd2 e5 17. Qe3 d5 18. Bxf8 d4 19. Qg5 Qxf8 20. Nd5
Nxd5 21. cxd5 Qd6 22. Rdc2 h6 23. Qh5 Rf8 24. Bh3 Re7 25. Bc8 Ba8 26. Ba6
f5 27. Rc8 Ref7 28. Rxa8 Rxa8 29. Bc8 Rf6 30. exf5 Qxd5 31. Rc7 Rxc8 32.
Rxc8+ Rf8 33. Rc7 Rf7 34. Rxf7 Qxf7 35. Qf3 Qd7 36. Qd3 e4 37. Qc4+ Kf8 38.
Qb4+ Kf7 39. Kf1 Kf6 40. g4 Kg5 41. h3 Kf4 42. Qd2+ Ke5 43. Ke1 Qc6 44. Kd1
Qb5 45. Ke1 a5 46. f6 gxf6 47. Qxh6 Qc5 48. Qh5+ Kf4 49. Qh6+ Qg5 50. Qh7
Kf3 51. Qc7 Qf4 52. Qc4 d3 53. Qc6 Qe5 54. Qc1 Qd4 55. Qd1+ Kg2 56. Kd2
Qb2+ 0-1

[Event "62nd ch-RUS HL w"]
[Site "Tyumen RUS"]
[Date "2012.06.20"]
[Round "5"]
[White "Pogonina,N"]
[Black "Romanko,M"]
[Result "1-0"]
[WhiteElo "2447"]
[BlackElo "2420"]
[EventDate "2012.06.16"]

1. e4 c6 2. d4 d5 3. e5 Bf5 4. Nf3 e6 5. Be2 c5 6. O-O Ne7 7. dxc5 Nd7 8.
c4 dxc4 9. Nc3 Nc6 10. Bf4 Bxc5 11. Bxc4 O-O 12. h3 Nb6 13. Be2 Nd4 14.
Nxd4 Bxd4 15. Bf3 Bxc3 16. bxc3 Qc7 17. Qd6 Qc4 18. Be3 Be4 19. Bxe4 Qxe4
20. Bxb6 axb6 21. Qxb6 Qxe5 22. c4 Qe4 23. Rfc1 Rfc8 24. Rab1 Rxc4 25. Rxc4
Qxc4 26. Qxb7 Rd8 27. Qe7 Rc8 28. Rd1 g6 29. Rd8+ Rxd8 30. Qxd8+ Kg7 31.
Qd2 e5 32. a3 e4 33. Qd6 Qc3 34. Kh2 e3 35. fxe3 Qxe3 36. a4 Qc3 37. Qg3
Qa5 38. Qf4 g5 39. Qd4+ f6 40. h4 Qc7+ 41. Kh3 gxh4 42. Qxh4 Qc5 43. Kh2
Qa5 44. Qd4 h5 45. Qd7+ Kg6 46. Qd3+ Kh6 47. Qb5 Qc7+ 48. Kg1 Qc1+ 49. Qf1
Qc3 50. Qf4+ Kg6 51. Qe4+ f5 52. Qf4 Qe1+ 53. Kh2 h4 54. Qc7 Kg5 55. a5 f4
56. Qg7+ Kf5 57. a6 f3 58. Qf7+ Kg5 59. Qxf3 Qe5+ 60. g3 Qb2+ 61. Kh3 hxg3
62. Qxg3+ Kh6 63. a7 Qb7 64. Qe3+ Kh7 65. Qc5 Qf3+ 66. Kh4 Qf4+ 67. Kh5
Qf3+ 68. Kg5 Qg2+ 69. Kf5 Qf3+ 70. Ke6 Qe4+ 71. Kd7 Qb7+ 72. Kd6 Kg6 73.
Qa5 Qa8 74. Kc7 Kf7 75. Qa6 Ke7 76. Qb7 Qd8+ 77. Kc6+ Ke6 78. a8=Q Qd5+ 79.
Kb6 Qd4+ 80. Kb5 Qd3+ 81. Ka4 Qd4+ 82. Kb3 Qd3+ 83. Ka2 Qc2+ 84. Qb2 1-0

[Event "62nd ch-RUS HL w"]
[Site "Tyumen RUS"]
[Date "2012.06.20"]
[Round "5"]
[White "Ivakhinova,I"]
[Black "Shadrina,T"]
[Result "0-1"]
[WhiteElo "2306"]
[BlackElo "2359"]
[EventDate "2012.06.16"]

1. d4 d5 2. Nf3 Nf6 3. c4 e6 4. Nc3 Nbd7 5. Bf4 dxc4 6. e4 Bb4 7. e5 Nd5 8.
Bd2 N7b6 9. Ne4 Be7 10. Bxc4 Nxc4 11. Qa4+ Bd7 12. Qxc4 Bc6 13. Qe2 Qd7 14.
Nc5 Bxc5 15. dxc5 O-O 16. Rd1 h6 17. Nd4 Rad8 18. O-O Ne7 19. Nxc6 Qxc6 20.
b4 Rd5 21. Bc1 Rfd8 22. a3 Ng6 23. f4 Nh4 24. Rxd5 Qxd5 25. Qf2 Nf5 26. Bb2
h5 27. Re1 Qb3 28. Kf1 Rd3 29. Bc1 Nd4 30. Qb2 Qc4 31. Kg1 Nc2 32. Rf1 h4
33. h3 a6 34. Rf2 Rd1+ 35. Kh2 Nd4 36. Be3 Nf5 37. Rd2 Nxe3 38. Rxd1 Qxf4+
0-1

[Event "62nd ch-RUS HL w"]
[Site "Tyumen RUS"]
[Date "2012.06.20"]
[Round "5"]
[White "Girya,O"]
[Black "Schepetkova,M"]
[Result "1-0"]
[WhiteElo "2414"]
[BlackElo "2181"]
[EventDate "2012.06.16"]

1. d4 Nf6 2. c4 e6 3. Nf3 b6 4. Nc3 Bb7 5. Bg5 Be7 6. Qc2 O-O 7. e3 d5 8.
cxd5 Nxd5 9. Nxd5 Bxd5 10. Bxe7 Qxe7 11. Bd3 h6 12. O-O c5 13. Bh7+ Kh8 14.
Be4 Bxe4 15. Qxe4 Nd7 16. Rac1 Rac8 17. h3 Nf6 18. Qd3 cxd4 19. Nxd4 Qd7
20. Qa6 Ne4 21. Rfd1 Rfd8 22. Rxc8 Rxc8 23. Qe2 Qa4 24. Qd3 Nc5 25. Qb1 Rd8
26. b3 Qb4 27. Nc6 Rxd1+ 28. Qxd1 Qh4 29. Nxa7 Ne4 30. Qc2 f5 31. Nb5 Kh7
32. Nd4 Qf6 33. Qc6 Qh4 34. Qc2 Qf6 35. f3 Ng5 36. Qd3 h5 37. a4 Kh6 38.
Kh2 g6 39. Qd2 Qd8 40. Nxf5+ 1-0

[Event "62nd ch-RUS HL w"]
[Site "Tyumen RUS"]
[Date "2012.06.20"]
[Round "5"]
[White "Bodnaruk,A"]
[Black "Iljushina,O"]
[Result "1-0"]
[WhiteElo "2394"]
[BlackElo "2354"]
[EventDate "2012.06.16"]

1. e4 c5 2. Nf3 Nc6 3. d4 cxd4 4. Nxd4 Nf6 5. Nc3 d6 6. Bg5 e6 7. Qd2 Be7
8. O-O-O O-O 9. f4 Nxd4 10. Qxd4 Qa5 11. Kb1 h6 12. h4 e5 13. Qf2 exf4 14.
Nd5 Nxd5 15. Rxd5 Qc7 16. Qxf4 Be6 17. Bxe7 Rfc8 18. Bd3 Qxe7 19. Rxd6 Rc5
20. b3 f6 21. Rd4 Re5 22. Rd1 b5 23. Be2 a5 24. Qd2 a4 25. Qb4 Qe8 26. h5
axb3 27. axb3 Kh7 28. Kb2 f5 29. Bf3 f4 30. Qd6 Bf7 31. Bg4 Bxh5 32. Bf5+
Kh8 33. Rh1 Rc8 34. Bxc8 1-0

[Event "62nd ch-RUS HL w"]
[Site "Tyumen RUS"]
[Date "2012.06.20"]
[Round "5"]
[White "Vasilevich,I"]
[Black "Zaiatz,E"]
[Result "1-0"]
[WhiteElo "2375"]
[BlackElo "2446"]
[EventDate "2012.06.16"]

1. e4 e5 2. f4 exf4 3. Bc4 Nf6 4. Nc3 d5 5. exd5 Bd6 6. Qe2+ Kf8 7. Nf3 a6
8. a4 Bg4 9. d4 Nbd7 10. O-O h6 11. Ne4 Nxe4 12. Qxe4 Nf6 13. Qd3 Qc8 14.
Bb3 Bf5 15. Qe2 Be4 16. Ne5 f3 17. gxf3 Bxd5 18. c4 Be6 19. Re1 Bxe5 20.
Qxe5 Qd7 21. d5 Bf5 22. Bf4 Ne8 23. a5 f6 24. Qc3 Kg8 25. c5 Kh7 26. Rad1
Rd8 27. Bc2 Bxc2 28. Qxc2+ Kg8 29. c6 Qc8 30. Re7 bxc6 31. Qg6 1-0

[Event "62nd ch-RUS HL w"]
[Site "Tyumen RUS"]
[Date "2012.06.20"]
[Round "5"]
[White "Cheremnova,T"]
[Black "Severiukhina,Z"]
[Result "0-1"]
[WhiteElo "2245"]
[BlackElo "2337"]
[EventDate "2012.06.16"]

1. d4 Nf6 2. c4 g6 3. Nc3 Bg7 4. e4 d6 5. f3 O-O 6. Nge2 c5 7. d5 e6 8. Ng3
exd5 9. cxd5 h5 10. Be2 Nh7 11. O-O Bd4+ 12. Rf2 Nd7 13. Nf1 Bxf2+ 14. Kxf2
Ne5 15. Kg1 Qh4 16. Ne3 a6 17. a4 Bd7 18. g3 Qe7 19. f4 Ng4 20. Nc4 b5 21.
Nb6 Rab8 22. Nxd7 Qxd7 23. Qf1 b4 24. Nd1 Rfe8 25. Bf3 a5 26. h3 Ngf6 27.
Nf2 Qc7 28. b3 c4 29. bxc4 Rbc8 30. Bb2 Qxc4 31. e5 dxe5 32. fxe5 Qb3 33.
Nd3 Nxd5 34. Re1 Nc3 35. Bc1 Qc4 36. Re3 Nf8 37. Be2 Nxe2+ 38. Qxe2 Red8
39. Rf3 Rxd3 0-1

[Event "62nd ch-RUS HL w"]
[Site "Tyumen RUS"]
[Date "2012.06.20"]
[Round "5"]
[White "Butuc,M"]
[Black "Sukhareva,E"]
[Result "1-0"]
[WhiteElo "2201"]
[BlackElo "2236"]
[EventDate "2012.06.16"]

1. Nf3 d5 2. c4 e6 3. d4 c6 4. e3 Nf6 5. b3 c5 6. Bb2 cxd4 7. exd4 Be7 8.
Bd3 b6 9. O-O O-O 10. Nbd2 Bb7 11. Qe2 Nbd7 12. Rac1 Nh5 13. Qe3 g6 14. c5
Bc6 15. b4 a6 16. Rfe1 Re8 17. Bf1 Qb8 18. Qc3 Rc8 19. g3 Qb7 20. Ba1 Bf6
21. Ne5 Nxe5 22. dxe5 Bg5 23. f4 Be7 24. Qe3 Ng7 25. g4 Bb5 26. Bd4 bxc5
27. bxc5 Bh4 28. Red1 Ba4 29. Nb3 Bd8 30. Bd3 Qe7 31. Qf2 Rc6 32. Kh1 h5
33. f5 exf5 34. gxf5 Qh4 35. fxg6 fxg6 36. Rg1 Qxf2 37. Bxf2 g5 38. Nd4
Rcc8 39. Be3 g4 40. h3 gxh3 41. Bh6 Ra7 42. Ne6 Bc6 43. Nxg7 d4+ 44. Kh2
Bg2 45. Nf5 Rc6 46. Be4 Rg6 47. Bxg2 hxg2 48. Rxg2 Rxg2+ 49. Kxg2 Kh7 50.
Bd2 Rb7 51. Nxd4 Rb2 52. Rc2 Rxc2 53. Nxc2 Kg6 54. Nd4 Bc7 55. Bf4 1-0

[Event "62nd ch-RUS HL w"]
[Site "Tyumen RUS"]
[Date "2012.06.20"]
[Round "5"]
[White "Korchenkova,I"]
[Black "Ovod,E"]
[Result "0-1"]
[WhiteElo "2088"]
[BlackElo "2410"]
[EventDate "2012.06.16"]

1. e4 c6 2. Nc3 d5 3. Nf3 Bg4 4. h3 Bxf3 5. Qxf3 e6 6. d3 Nd7 7. Bd2 Bc5 8.
g4 Ne7 9. h4 O-O 10. Qg3 b5 11. f4 f5 12. gxf5 exf5 13. e5 Bb6 14. Ne2 Nc5
15. Bc3 Ne6 16. d4 a5 17. O-O-O Qc7 18. Kb1 Qa7 19. Qd3 b4 20. Be1 c5 21.
Bf2 c4 22. Qd2 c3 23. bxc3 Rfc8 24. Rh3 Rc4 25. Nc1 bxc3 26. Rxc3 Rxc3 27.
Qxc3 Nxf4 28. Bb5 a4 29. Ka1 Rc8 30. Qd2 Ba5 31. Qxf4 Bc3+ 32. Kb1 Qb6 33.
Nd3 Qxb5+ 34. Kc1 Rb8 0-1

[Event "62nd ch-RUS HL w"]
[Site "Tyumen RUS"]
[Date "2012.06.20"]
[Round "5"]
[White "Drozdova,D"]
[Black "Sazonova,E"]
[Result "1-0"]
[WhiteElo "2256"]
[BlackElo "2159"]
[EventDate "2012.06.16"]

1. d4 Nf6 2. c4 g6 3. Nc3 Bg7 4. e4 d6 5. Nf3 O-O 6. h3 e5 7. d5 a5 8. Be3
Na6 9. Nd2 Nd7 10. g4 f5 11. gxf5 gxf5 12. exf5 Ndc5 13. Nde4 Bxf5 14. Bd3
Nxd3+ 15. Qxd3 Qh4 16. a3 Kh8 17. Rg1 Bh6 18. Bxh6 Qxh6 19. Qe3 Qxe3+ 20.
fxe3 Bxh3 21. Kd2 Bf5 22. Rg5 Bg6 23. Rh1 Kg7 24. Rg2 Rae8 25. Ng5 Kh8 26.
Rgh2 Re7 27. Rh6 Rg8 28. Nce4 Bxe4 29. Nxe4 Nc5 30. Nxc5 dxc5 31. R1h2 Rg4
32. Kd3 e4+ 33. Ke2 Kg8 34. b3 Rg6 35. R6h4 Rb6 36. Rg4+ Rg6 37. Rgh4 c6
38. Rh5 cxd5 39. cxd5 Rd6 40. Kd2 b5 41. Kc3 Kf8 42. a4 bxa4 43. bxa4 Kg8
44. Kc4 Rc7 45. Rg5+ Kh8 46. Rb2 h6 47. Re5 Kg7 48. Rxe4 Kf6 49. Re8 Kf7
50. Rbb8 Rg6 51. e4 h5 52. Rh8 Re7 53. Rh7+ Rg7 54. Rxg7+ Kxg7 55. d6 Rxe4+
56. Kxc5 Re1 57. d7 1-0

[Event "62nd ch-RUS HL w"]
[Site "Tyumen RUS"]
[Date "2012.06.20"]
[Round "5"]
[White "Likhovid,E"]
[Black "Kabanova,E"]
[Result "0-1"]
[WhiteElo "2030"]
[BlackElo "2164"]
[EventDate "2012.06.16"]

1. c4 c5 2. Nc3 g6 3. g3 Bg7 4. Bg2 Nf6 5. e4 d6 6. Nge2 O-O 7. O-O Nc6 8.
h3 a6 9. d3 Rb8 10. a4 Bd7 11. Be3 Qc8 12. Kh2 Ne5 13. a5 Qd8 14. Nd5 Be6
15. Nxf6+ Bxf6 16. f4 Nc6 17. Qd2 Qc7 18. f5 Bd7 19. d4 b6 20. dxc5 bxc5
21. Ra2 Rb4 22. Bh6 Bg7 23. Bxg7 Kxg7 24. Nc3 Rxc4 25. Nd5 Qd8 26. f6+ exf6
27. Nxf6 Nd4 28. Qg5 Ne6 29. Qe3 Bc6 30. b3 Rd4 31. h4 h6 32. Raf2 h5 33.
Bh3 Bb5 34. Rc1 Rd3 35. Qe1 Nd4 36. Bg2 Qe7 37. Rc3 Rxc3 38. Qxc3 Qe5 39.
Bf1 Bxf1 40. Rxf1 Qe6 41. Qd3 Rb8 42. Qxa6 Rxb3 43. Rf2 Nf3+ 44. Kg2 Nxh4+
45. Kh2 Nf3+ 46. Kg2 Ng5 47. g4 Nxe4 48. Nxe4 Qxe4+ 49. Kh2 Qxg4 0-1

[Event "62nd ch-RUS HL w"]
[Site "Tyumen RUS"]
[Date "2012.06.20"]
[Round "5"]
[White "Adamova,T"]
[Black "Dotdaeva,A"]
[Result "0-1"]
[WhiteElo "1914"]
[BlackElo "2139"]
[EventDate "2012.06.16"]

1. e4 c5 2. Nf3 Nc6 3. d4 cxd4 4. Nxd4 Nf6 5. Nc3 e5 6. Ndb5 d6 7. Bg5 a6
8. Na3 b5 9. Nd5 Be7 10. Nxe7 Qxe7 11. f3 O-O 12. c4 b4 13. Nc2 h6 14. Bh4
Qe6 15. Qd2 Rb8 16. b3 a5 17. Be2 Ne7 18. Rd1 Rd8 19. O-O Ng6 20. Bxf6 Qxf6
21. c5 Nf4 22. c6 Rb6 23. c7 Rd7 24. Ne3 Rxc7 25. Nc4 Rbc6 26. Rc1 Qg5 27.
Kf2 Qxg2+ 28. Ke1 Qxh2 29. Rc2 Qxe2+ 30. Qxe2 Nxe2 31. Kxe2 Ba6 32. Rfc1 a4
33. Kd2 axb3 34. axb3 Bxc4 35. bxc4 b3 36. Rb2 Rxc4 37. Rxc4 Rxc4 38. Rxb3
Rd4+ 39. Ke3 g6 40. Rb1 Kg7 41. Rh1 d5 42. exd5 Rxd5 43. Rc1 f5 44. Rc6 h5
45. Re6 Kh6 46. Kf2 Kg5 47. Kg3 h4+ 48. Kh3 Rd3 49. Kg2 h3+ 50. Kxh3 Rxf3+
51. Kg2 e4 0-1

[Event "62nd ch-RUS HL w"]
[Site "Tyumen RUS"]
[Date "2012.06.20"]
[Round "5"]
[White "Sazonova,A"]
[Black "Rassokhina,E"]
[Result "1-0"]
[WhiteElo "1963"]
[BlackElo "2080"]
[EventDate "2012.06.16"]

1. e4 c5 2. Nf3 e6 3. d4 cxd4 4. Nxd4 a6 5. Bd3 Bc5 6. Nb3 Ba7 7. Qe2 Nc6
8. Be3 Bxe3 9. Qxe3 Nf6 10. Nc3 d6 11. O-O-O O-O 12. f4 Qc7 13. h3 b5 14.
g4 b4 15. Ne2 e5 16. g5 Nh5 17. f5 a5 18. Nd2 a4 19. Kb1 a3 20. b3 Ba6 21.
Bxa6 Rxa6 22. Qd3 Qa7 23. Nc4 Rd8 24. Ne3 Nb8 25. Nd5 Qc5 26. Rhf1 Ra7 27.
f6 g6 28. Qe3 Qxe3 29. Nxe3 Na6 30. Nc4 Rad7 31. Rd3 Nc5 32. Re3 Ne6 33. h4
Nhf4 34. Nxf4 exf4 35. Rd3 Nc5 36. Rd4 Re8 37. Nd2 h6 38. Kc1 Re5 39. Rxb4
d5 40. exd5 Rexd5 41. Nc4 Ra7 42. Rxf4 Ne6 43. Re4 hxg5 44. hxg5 Rxg5 45.
Rb8+ Kh7 46. Re8 Rd5 47. R4xe6 fxe6 48. Re7+ Kh6 49. Rxa7 Rf5 50. Ne3 1-0

[Event "62nd ch-RUS HL w"]
[Site "Tyumen RUS"]
[Date "2012.06.21"]
[Round "6"]
[White "Kovanova,B"]
[Black "Pogonina,N"]
[Result "1/2-1/2"]
[WhiteElo "2391"]
[BlackElo "2447"]
[EventDate "2012.06.16"]

1. e4 e5 2. Nf3 Nc6 3. Nc3 Nf6 4. d4 exd4 5. Nxd4 Bb4 6. Nxc6 bxc6 7. Bd3
d5 8. exd5 cxd5 9. O-O O-O 10. Bg5 c6 11. Qf3 h6 12. Bxf6 Qxf6 13. Qxf6
gxf6 14. Ne2 Bd6 15. Ng3 Re8 16. Nf5 Bxf5 17. Bxf5 Rad8 18. Rfe1 Re5 19. g4
Kf8 20. h3 Rde8 21. Kf1 Rxe1+ 22. Rxe1 Rxe1+ 23. Kxe1 Ke7 24. Ke2 Be5 25.
b3 Kd6 26. Kd3 a5 27. a4 Bb2 28. f3 Bc1 29. Kc3 Be3 30. Kd3 Bc1 31. Kc3 Be3
32. Kd3 Bc1 33. Kc3 1/2-1/2

[Event "62nd ch-RUS HL w"]
[Site "Tyumen RUS"]
[Date "2012.06.21"]
[Round "6"]
[White "Shadrina,T"]
[Black "Girya,O"]
[Result "0-1"]
[WhiteElo "2359"]
[BlackElo "2414"]
[EventDate "2012.06.16"]

1. e4 c5 2. Nf3 Nc6 3. d4 cxd4 4. Nxd4 Qc7 5. Nc3 e6 6. Be2 Nf6 7. O-O Be7
8. Be3 O-O 9. f4 d6 10. Kh1 Nxd4 11. Qxd4 b6 12. Bf3 Bb7 13. Nb5 Qb8 14. a4
d5 15. e5 Ne4 16. Bxe4 dxe4 17. Rad1 Rd8 18. Nd6 Qc7 19. c4 Qc6 20. b3 Rd7
21. Rf2 Rad8 22. Rfd2 Rxd6 23. Qxd6 Bxd6 24. Rxd6 Rxd6 25. Rxd6 Qc8 26. a5
bxa5 27. Bxa7 h5 28. Bb6 a4 0-1

[Event "62nd ch-RUS HL w"]
[Site "Tyumen RUS"]
[Date "2012.06.21"]
[Round "6"]
[White "Ubiennykh,E"]
[Black "Bodnaruk,A"]
[Result "1-0"]
[WhiteElo "2336"]
[BlackElo "2394"]
[EventDate "2012.06.16"]

1. e4 c5 2. Nf3 d6 3. d4 cxd4 4. Nxd4 Nf6 5. Nc3 a6 6. h3 h6 7. g4 g5 8.
Be3 e6 9. Qe2 Nbd7 10. h4 Rg8 11. hxg5 hxg5 12. O-O-O Qa5 13. f3 b5 14. Nb3
Qc7 15. a4 bxa4 16. Nxa4 Rb8 17. Kb1 Rb4 18. Rd4 d5 19. exd5 Rxd4 20. Bxd4
Nxd5 21. Nc3 Nf4 22. Qh2 Bb7 23. Ne4 Rg6 24. Qh8 f5 25. gxf5 exf5 26. Ng3
Bxf3 27. Rh7 Ne6 28. Nxf5 Be4 29. Bd3 Bxd3 30. cxd3 g4 31. Re7+ Kd8 32. Qh4
Ng5 33. Rf7 Qf4 34. Be3 Qf1+ 35. Ka2 Be7 36. Nxe7 Qxf7 37. Nxg6 Qxg6 38.
Qxg5+ Qxg5 39. Bxg5+ Kc8 40. d4 g3 41. Nc5 Nf6 42. Nd3 Ng4 43. Ne1 Nf2 44.
Bf4 Ne4 45. Kb3 Kd7 46. d5 Ke7 47. Be5 1-0

[Event "62nd ch-RUS HL w"]
[Site "Tyumen RUS"]
[Date "2012.06.21"]
[Round "6"]
[White "Vasilevich,I"]
[Black "Timofeeva,Ekaterina"]
[Result "1/2-1/2"]
[WhiteElo "2375"]
[BlackElo "2273"]
[EventDate "2012.06.16"]

1. c4 Nf6 2. g3 g6 3. Bg2 d5 4. cxd5 Nxd5 5. Nc3 Nb6 6. d3 Bg7 7. Be3 Nc6
8. Qd2 Nd4 9. Nf3 e5 10. Rc1 O-O 11. Bh6 Re8 12. Bxg7 Kxg7 13. h4 h5 14.
O-O c6 15. Ne4 Bg4 16. Nxd4 exd4 17. Rfe1 Nd5 18. Rc4 Nb6 19. Rc2 Nd5 20.
Rc4 Nb6 21. Rcc1 Nd5 22. a3 Bf5 23. Ng5 Qd6 24. b4 Re7 25. Qb2 Nc7 26. e4
Bg4 27. f4 f6 28. e5 fxe5 29. fxe5 Rxe5 30. Ne4 Qd8 31. Nc5 Rxe1+ 32. Rxe1
Rb8 33. Re4 Kh7 34. Rxd4 Qe7 35. Re4 Qf7 36. Rf4 Qg7 37. Qf2 Kg8 38. Qa2+
Kh8 39. Rf7 Qd4+ 40. Kh2 Nd5 41. Rxb7 Rxb7 42. Nxb7 Ne3 43. Qf7 Bf5 44.
Qf8+ Kh7 45. Qe7+ Kh6 46. Qg5+ Kh7 47. Qe7+ Kh6 1/2-1/2

[Event "62nd ch-RUS HL w"]
[Site "Tyumen RUS"]
[Date "2012.06.21"]
[Round "6"]
[White "Severiukhina,Z"]
[Black "Romanko,M"]
[Result "1-0"]
[WhiteElo "2337"]
[BlackElo "2420"]
[EventDate "2012.06.16"]

1. e4 c6 2. d4 d5 3. e5 Bf5 4. Nd2 e6 5. Nb3 Nd7 6. Nf3 Ne7 7. Be2 Nc8 8.
O-O Be7 9. Ne1 O-O 10. g4 Bg6 11. f4 f6 12. f5 Bf7 13. Nd3 Re8 14. Be3 Ncb6
15. Nf4 Nf8 16. fxe6 Nxe6 17. Nxe6 Bxe6 18. Nc5 Bc8 19. Qd2 fxe5 20. dxe5
Bxc5 21. Bxc5 Nd7 22. Bd4 Nxe5 23. Qf4 g5 24. Qg3 Ng6 25. Bd3 Nf4 26. Rxf4
gxf4 27. Bxh7+ Kxh7 28. Qh3+ Kg8 29. Qh8+ Kf7 30. Qg7+ Ke6 31. Bc5 Qh4 32.
Qg6+ Ke5 33. Bd6+ 1-0

[Event "62nd ch-RUS HL w"]
[Site "Tyumen RUS"]
[Date "2012.06.21"]
[Round "6"]
[White "Pustovoitova,D"]
[Black "Ivakhinova,I"]
[Result "1/2-1/2"]
[WhiteElo "2307"]
[BlackElo "2306"]
[EventDate "2012.06.16"]

1. e4 e5 2. Nf3 Nc6 3. d4 exd4 4. Bc4 Nf6 5. e5 Ng4 6. O-O d6 7. exd6 Bxd6
8. Re1+ Be7 9. c3 dxc3 10. Qxd8+ Nxd8 11. Nxc3 Be6 12. Nb5 Bd6 13. Nxd6+
cxd6 14. Bb5+ Nc6 15. Bf4 Ke7 16. Rad1 Nge5 17. Bxc6 Nxc6 18. Bxd6+ Kf6 19.
b4 b5 20. a3 Rhd8 21. h3 h6 22. Bc5 g6 23. g4 g5 24. Kh2 Bb3 25. Rd2 Be6
26. Red1 a6 27. Kg3 Rxd2 28. Rxd2 Rd8 29. Rxd8 Nxd8 30. Bf8 Kg6 31. Ne5+
Kh7 32. Be7 Nb7 33. f4 gxf4+ 34. Kxf4 Kg7 35. Nc6 Kg6 36. h4 f6 37. Nd8
Nxd8 38. Bxd8 Bd7 39. Be7 Kf7 40. Bc5 Bc8 41. Bd6 1/2-1/2

[Event "62nd ch-RUS HL w"]
[Site "Tyumen RUS"]
[Date "2012.06.21"]
[Round "6"]
[White "Ovod,E"]
[Black "Drozdova,D"]
[Result "1-0"]
[WhiteElo "2410"]
[BlackElo "2256"]
[EventDate "2012.06.16"]

1. d4 g6 2. c4 Bg7 3. e4 d6 4. Nc3 e5 5. Nf3 Nc6 6. dxe5 dxe5 7. Qxd8+ Kxd8
8. Bg5+ f6 9. O-O-O+ Bd7 10. Be3 Kc8 11. c5 Be6 12. Nd2 Nge7 13. Bc4 Nd8
14. Nd5 Re8 15. f4 Nec6 16. f5 gxf5 17. exf5 Bxf5 18. Rdf1 Bg6 19. Nxf6 Re7
20. h4 Nb4 21. Nfe4 h5 22. Rh3 c6 23. Rg3 Bxe4 24. Nxe4 Kc7 25. Nd6 b5 26.
Bb3 Nb7 27. Nf5 Rf8 28. Rff3 Nd3+ 29. Kd2 Rxf5 30. Rxf5 e4 31. Bg5 Rd7 32.
Be6 Be5 33. Rxe5 Nxe5+ 34. Bxd7 Kxd7 35. b4 Ke6 36. Bf4 Nc4+ 37. Kc3 Kf5
38. Bc1 a5 39. Rg5+ Kf6 40. bxa5 Nbxa5 41. Kd4 1-0

[Event "62nd ch-RUS HL w"]
[Site "Tyumen RUS"]
[Date "2012.06.21"]
[Round "6"]
[White "Schepetkova,M"]
[Black "Iljushina,O"]
[Result "0-1"]
[WhiteElo "2181"]
[BlackElo "2354"]
[EventDate "2012.06.16"]

1. d4 Nf6 2. c4 e6 3. Nc3 d5 4. cxd5 exd5 5. Bg5 Nbd7 6. e3 Be7 7. Bd3 O-O
8. Nge2 Re8 9. O-O Nf8 10. Qc2 c6 11. Rae1 Nh5 12. Bxe7 Qxe7 13. Rb1 Qg5
14. e4 Ng6 15. exd5 cxd5 16. Bxg6 hxg6 17. Qc1 Qg4 18. Qd2 Be6 19. Rbc1 a6
20. f3 Qh4 21. g3 Qd8 22. Rfe1 b5 23. g4 Nf6 24. Nf4 Qd7 25. Re3 b4 26. Nd1
Qd6 27. Nd3 a5 28. Nc5 Nh7 29. Re2 f6 30. Nf2 g5 31. Nfd3 Nf8 32. Qe1 Bf7
33. Qd2 Rxe2 34. Qxe2 Re8 35. Qf2 Ng6 36. Re1 Nh4 37. Re3 Bg6 38. Ne1 Qf4
39. Ne6 Qd6 40. Nc5 Qf4 41. Ne6 Qd6 42. Nc5 Qf4 43. Ne6 Nxf3+ 44. Qxf3 Qxf3
45. Nxf3 Bf7 46. Nd2 Rxe6 47. Rxe6 Bxe6 48. Nb3 Bxg4 49. Nxa5 Bd7 50. Nb7
Kf7 51. Kf2 Kg6 52. Nc5 Bb5 53. Ne6 Bc4 54. b3 Bd3 55. Nc7 Bb1 56. Nxd5
Bxa2 57. Nxb4 Bxb3 58. Nd3 Kf5 59. Ke3 Bc4 60. Nf2 Bd5 61. Nd3 Kg4 62. Nf2+
Kh4 63. Ne4 Kh3 64. Ng3 Kxh2 65. Nh5 f5 66. Nxg7 f4+ 67. Ke2 Kg1 68. Nh5
f3+ 69. Ke3 f2 0-1